Régimen jurídico del domicilio en Derecho Romano.

Salvato in:
Dettagli Bibliografici
Autore principale: López Huguet, María Luisa (autora)
Natura: Libro
Lingua:spagnolo
Pubblicazione: Madrid, España: Dykinson, 2008.
Serie:Colección Monografías de Derecho Romano, 13.
Soggetti:
Tags: Aggiungi Tag
Nessun Tag, puoi essere il primo ad aggiungerne!!

MARC

LEADER 00000nam a2200000 a 4500
001 UCI9304
003 CL-VaPUC
005 20220822114359.0
008 081106e20080000SP |||||||||||||||||spa|d
999 |c 331866  |d 331864 
020 |a 978-84-9849-288-0 
040 |c Pontificia Universidad Católica de Valparaíso 
082 0 4 |a 340.54 LOP 2008  |2 21 
100 |a López Huguet, María Luisa  |e autora  |9 532956 
245 1 0 |a Régimen jurídico del domicilio en Derecho Romano.  
260 |a Madrid, España:   |b Dykinson,  |c 2008. 
300 |a 590 páginas.  
490 0 |a Colección Monografías de Derecho Romano, 13.  
500 |a c.2 Donación Familia Prof. Alejandro Guzmán Brito. 
583 |a last modification  |c 20081106 00:00:00  |k Rodrigo Vera 
650 0 |a Derecho romano  |9 255930 
650 0 |a Régimen jurídico  |2 CL-VaPUC  |9 391149 
650 0 |a Derecho administrativo  |9 254851 
942 |c BK  |2 ddc  |n 0 
945 |d 20081106 00:00:00  |a jtorresc 
952 |0 0  |1 0  |4 0  |6 340_540000000000000_LOP_2008  |7 0  |8 A  |9 419049  |a BIBDER  |b BIBDER  |d 2019-11-22  |i 4495101  |o 340.54 LOP 2008  |p 4495101  |r 2023-01-25  |w 2019-11-22  |y BK  |k DER 
952 |0 0  |1 0  |2 ddc  |4 0  |6 340_540000000000000_LOP_2008  |7 1  |8 C_AGB  |9 581125  |a BIBDER  |b BIBDER  |d 2022-02-03  |e Donación   |i 5644720  |o 340.54 LOP 2008  |p 5644720  |r 2023-01-25  |t 2  |w 2022-02-03  |y BK_US  |k AGB